[Event "Crawley e2e4 Gatwick op U1650"]
[Site "Crawley"]
[Date "2016.05.29"]
[Round "5"]
[White "Miles, Barry S"]
[Black "Stanton, Anthony"]
[Result "0-1"]
[WhiteElo "1492"]
[BlackElo "1577"]
[PlyCount "112"]
[EventDate "2016.05.27"]
[EventType "swiss"]
[EventRounds "7"]
[EventCountry "ENG"]
[SourceTitle "EXT 2019"]
[Source "ChessBase"]
[SourceDate "2018.10.10"]
[SourceVersion "1"]
[SourceVersionDate "2018.10.10"]
[SourceQuality "1"]

1. d4 d5 2. c4 Nc6 3. Nc3 dxc4 4. e3 Nf6 5. Bxc4 Bg4 6. Nf3 a6 7. 0-0 e6 8. Be2 Bb4 9. a3 Ba5 10. b4 Bb6 11. Qa4 0-0 12. Qc2 Ne7 13. Na4 c6 14. Ne5 Bxe2 15. Qxe2 Nf5 16. Nc5 Qc7 17. Bb2 Rfd8 18. Rfd1 a5 19. Bc3 Nd6 20. Rac1 Nde4 21. Be1 Bxc5 22. bxc5 Rd5 23. Rb1 Nxc5 24. Nxf7 Qxf7 25. dxc5 Rxc5 26. Rb6 Nd5 27. Rb3 b5 28. Qb2 Qh5 29. Rbd3 Rc4 30. Rd4 Rxd4 31. Rxd4 e5 32. Re4 Qd1 33. Qd2 Qa1 34. Kf1 h6 35. Qc2 Ne7 36. Qc5 Kf7 37. Rxe5 Re8 38. Qc3 Qxc3 39. Bxc3 a4 40. Bb4 Nd5 41. Rf5+ Ke6 42. Rh5 Nxb4 43. axb4 g5 44. e4 Ke5 45. Rxh6 Re6 46. Rh5 Kd4 47. Rxg5 Re5 48. Rg6 c5 49. f4 Rxe4 50. bxc5 Kxc5 51. Rg5+ Kc4 52. f5 a3 53. Rg3 b4 54. Rg8 a2 55. Rc8+ Kb3 56. Rc1 Kb2 0-1